<?xml version="1.0" encoding="UTF-8"?>
<record
    xmlns:xsi="http://www.w3.org/2001/XMLSchema-instance"
    xsi:schemaLocation="http://www.loc.gov/MARC21/slim http://www.loc.gov/standards/marcxml/schema/MARC21slim.xsd"
    xmlns="http://www.loc.gov/MARC21/slim">

  <leader>01459nam a22002057a 4500</leader>
  <controlfield tag="003">OSt</controlfield>
  <controlfield tag="005">20240510094644.0</controlfield>
  <controlfield tag="008">240411s2014    ag ||||| |||| 00| 1 spa d</controlfield>
  <datafield tag="020" ind1=" " ind2=" ">
    <subfield code="a">9789500109680</subfield>
  </datafield>
  <datafield tag="040" ind1=" " ind2=" ">
    <subfield code="c">besoc</subfield>
  </datafield>
  <datafield tag="100" ind1="1" ind2=" ">
    <subfield code="a">Schuff, Nicol&#xE1;s</subfield>
    <subfield code="d">1973-</subfield>
    <subfield code="e">autor</subfield>
  </datafield>
  <datafield tag="245" ind1="1" ind2="0">
    <subfield code="a">Leyendas urbanas :</subfield>
    <subfield code="b">Historias que parecen  incre&#xED;bles /</subfield>
    <subfield code="c">Nicol&#xE1;s Schuff ; ilustraciones de Rodrigo Tab&#xE1;rez</subfield>
  </datafield>
  <datafield tag="260" ind1=" " ind2=" ">
    <subfield code="a">Buenos Aires :</subfield>
    <subfield code="b">Estrada,</subfield>
    <subfield code="c">2014</subfield>
  </datafield>
  <datafield tag="300" ind1=" " ind2=" ">
    <subfield code="a">93 p.</subfield>
  </datafield>
  <datafield tag="505" ind1="0" ind2=" ">
    <subfield code="a">La planta brasilera -- La estaci&#xF3;n fantasma -- Los cocodrilos albinos -- Las monedas de oro -- La aparecida -- La mascota falsificada -- El misterio del hombre rana.-</subfield>
  </datafield>
  <datafield tag="520" ind1=" " ind2=" ">
    <subfield code="a">Las leyendas urbanas son an&#xE9;cdotas asombrosas del mundo actual, que circulan como si fueran ciertas, aunque sean falsas o dudosas. Van de un lado a otro, y nadie sabe qui&#xE9;n las invent&#xF3;. Pueden referirse a alg&#xFA;n suceso extra&#xF1;o que le pas&#xF3; a alguien al ir por la calle, o transmitir un rumor inquietante sobre la existencia de seres salvajes o sobrenaturales en pleno coraz&#xF3;n de la ciudad. En este libro, encontrar&#xE1;n siete relatos inspirados en otras tantas leyendas urbanas. El autor, Nicol&#xE1;s Schuff, ha publicado tambi&#xE9;n, en esta colecci&#xF3;n: Historias de la Guerra de Troya, Aventureros y enamorados, Monstruos argentinos e Historias de la Biblia. [Nota del editor]</subfield>
  </datafield>
  <datafield tag="650" ind1=" " ind2="4">
    <subfield code="a">Literatura argentina</subfield>
    <subfield code="x">Leyendas urbanas</subfield>
    <subfield code="y">Siglo XXI</subfield>
  </datafield>
  <datafield tag="700" ind1="1" ind2=" ">
    <subfield code="a">Tab&#xE1;rez, Rodrigo,</subfield>
    <subfield code="e">ilustrador</subfield>
  </datafield>
  <datafield tag="942" ind1=" " ind2=" ">
    <subfield code="2">udc</subfield>
    <subfield code="c">OG</subfield>
    <subfield code="n">0</subfield>
  </datafield>
  <datafield tag="999" ind1=" " ind2=" ">
    <subfield code="c">228</subfield>
    <subfield code="d">228</subfield>
  </datafield>
  <datafield tag="952" ind1=" " ind2=" ">
    <subfield code="0">0</subfield>
    <subfield code="1">0</subfield>
    <subfield code="2">udc</subfield>
    <subfield code="4">0</subfield>
    <subfield code="7">0</subfield>
    <subfield code="8">CG</subfield>
    <subfield code="a">ESOCIALES</subfield>
    <subfield code="b">ESOCIALES</subfield>
    <subfield code="d">2024-05-10</subfield>
    <subfield code="l">0</subfield>
    <subfield code="o">82-34(82) SCH385</subfield>
    <subfield code="p">001010</subfield>
    <subfield code="r">2024-05-10 00:00:00</subfield>
    <subfield code="w">2024-05-10</subfield>
    <subfield code="y">OG</subfield>
  </datafield>
</record>
